Advanced economic theory (Record no. 3482)

000 -LEADER
fixed length control field 00469nam a22002057a 4500
001 - CONTROL NUMBER
control field 3482
003 - CONTROL NUMBER IDENTIFIER
control field BD-DhUET
008 - FIXED-LENGTH DATA ELEMENTS--GENERAL INFORMATION
fixed length control field 0
020 ## - INTERNATIONAL STANDARD BOOK NUMBER
International Standard Book Number 8121902606
040 ## - CATALOGING SOURCE
Transcribing agency 0
Modifying agency BD-DhUET
082 ## - DEWEY DECIMAL CLASSIFICATION NUMBER
Classification number 330.1
Item number AHU/1998
100 ## - MAIN ENTRY--PERSONAL NAME
Personal name Ahuja,H. L.
245 ## - TITLE STATEMENT
Title Advanced economic theory
Remainder of title macroeconomic analysis
250 ## - EDITION STATEMENT
Edition statement 1st ed.
260 ## - PUBLICATION, DISTRIBUTION, ETC. (IMPRINT)
Place of publication, distribution, etc. Dhaka
Name of publisher, distributor, etc. S.Chand
Date of publication, distribution, etc. 1970
300 ## - PHYSICAL DESCRIPTION
Extent 1053p.
504 ## - BIBLIOGRAPHY, ETC. NOTE
Bibliography, etc Includes bibliographies
650 #0 - SUBJECT ADDED ENTRY--TOPICAL TERM
Topical term or geographic name as entry element Microeconomics analysis
942 ## - ADDED ENTRY ELEMENTS (KOHA)
Koha item type General Book
Holdings
Piece designation (barcode) Koha date last seen Koha item type Lost status Shelving location Damaged status Source of classification or shelving scheme Koha normalized classification for sorting Sublocation or collection (holding branch) Koha full call number Withdrawn status Location (home branch) Price effective from Date acquired Copy number Not for loan
936652014-11-01General Book Circulation section  330_000000000000000_1AHU1998Central Library, BUET330.1/AHU/1998 Central Library, BUET2014-11-012014-11-011 
936672017-05-06General Book Circulation section  330_000000000000000_1AHU1998Central Library, BUET330.1/AHU/1998 Central Library, BUET2014-11-012014-11-012 
936712014-11-01General Book Circulation section  330_000000000000000_1AHU1998Central Library, BUET330.1/AHU/1998 Central Library, BUET2014-11-012014-11-013 
936642015-06-10General Book Reading section  330_100000000000000_AHU_1998Central Library, BUET330.1/AHU/1998 Central Library, BUET2015-06-102015-06-104